Computers in educational administration / (Record no. 11668)

000 -LEADER
fixed length control field 00433nam a2200157 a 4500
020 ## - INTERNATIONAL STANDARD BOOK NUMBER
ISBN 0070512574
040 ## - CATALOGING SOURCE
Transcribing agency DLC
082 00 - DEWEY DECIMAL CLASSIFICATION NUMBER
Classification number 371 MIT 1991 A016 Or.
100 1# - MAIN ENTRY--AUTHOR NAME
Personal name Ray, John R.
245 10 - TITLE STATEMENT
Title Computers in educational administration /
260 ## - PUBLICATION, DISTRIBUTION, ETC. (IMPRINT)
Place of publication New York :
Name of publisher Mitchell McGraw-Hill,
Year of publication c1991.
300 ## - PHYSICAL DESCRIPTION
Number of Pages xvi, 224 p. :
Other physical details ill. ;
Dimensions 23 cm.
650 #0 - SUBJECT ADDED ENTRY--TOPICAL TERM
Topical Term School management and organization
700 1# - ADDED ENTRY--PERSONAL NAME
Personal name Davis, Lloyd D.
942 ## - ADDED ENTRY ELEMENTS (KOHA)
Koha item type សៀវភៅភាសាអង់គ្លេស
952 ## - LOCATION AND ITEM INFORMATION (KOHA)
Withdrawn status [LOCAL, KOHA] 0
Holdings
Permanent Location Date acquired Koha item type Lost status Shelving location Barcode Current Location Full call number
Library Block A2017-08-04សៀវភៅភាសាអង់គ្លេស A016A14586Library Block A371 MIT 1991 A016 Or.
មជ្ឈមណ្ឌលឯការនៃសាកលវិទ្យាល័យភូមិន្ទកសិកម្មចំការដូង

Powered by Koha